1311 1414 1072 1073 1338 1232 1825 1092 1955 1705 1589 1997 1138 1810 1369 1001 1081 1235 1187 1305 1504 1092 1780 1820 1291 1065 1675 1849 1188 1634 1344 1239 1049 1580 1783 1762 1423 1615 1039 1938 1959 1211 1064 1447 1718 1811 1716 1488 1524 1002 1954 1593 1619 1580 1642 1990 1521 1235 1260 1838 1764 1039 1698 1245 1596 1528 1013 1926 1328 1291 1023 1571 1481 1129 1489 1719 1616 1732 1286 1535 1226 1431 1183 1872 1863 1482 1443 1431 1861 1665 1528 1602 1142 1457 1311 1310 1056 1777 1098 BCNSPRNW ULIB Ver.6.0+V

เปลี่ยนเป็นภาษาไทย

Change to English
 แสดงรายละเอียดบรรณานุกรม
  กลับหน้าหลัก

Brief Record : Get Marc (ISO 2709) : E-mail record : QR code < ปิดหน้าต่าง
LEADER : 00000nam 2200000uu 4500
001    13399120915
003     ULIB
008    121025s2555||||th 000 0 tha d
020    ^a9786161109325
050  4 ^aPE1128^bS411E
100 1  ^aSchwarz, Peter C.
245 10 ^aEnglish for nursing and health care students (Student s book) /^cPeter C.Schwarz
250    ^a1st ed.
260    ^aNonthaburi :^bBook Project Praboromarajchanok InstituteMinistry of Public Health,^c2555
300    ^a143 p. :^bill. ;^c21 cm.
650  0 ^aEnglish language^xconversation and phrase books (for medical personnel)
650  0 ^aCommunication in nursing
650  0 ^aCommunication in medicine
700 1  ^aซวอตซ์, ปีเตอร์ ซี.
710 2  ^aPraboromarajchanok Institute. ^bBook Project
945    ^p300^l0^i19531
945    ^p300^l0^i19532
945    ^p300^l0^i19533
945    ^p300^l0^i19534
945    ^p300^l0^i19535
995    ^a เกษร
999    ^aใช้งานได้ทุกระบบ
รายการนี้ยังไม่มีแท็ก
คุณยังไม่ได้ล็อกอิน คุณสามารถมีกิจกรรมร่วมกับเว็บไซต์ได้ แต่ต้องล็อกอินก่อน ::
  ล็อกอิน

รายการสื่อสารสนเทศ

ลำดับที่ ประเภท เลขเรียก/บาร์โค้ด สถานที่ สถานะ
1. วิทยาศาสตร์การแพทย์ และสุขภาพ
วิทยาศาสตร์การแพทย์ และสุขภาพ
PE1128 S411E  
  Barcode: 19531
ห้องสมุดวิทยาเขตสวรรค์ประชารักษ์
►หนังสือทั่วไป
บนชั้น
2. วิทยาศาสตร์การแพทย์ และสุขภาพ
วิทยาศาสตร์การแพทย์ และสุขภาพ
PE1128 S411E ฉ.2 
  Barcode: 19532
ห้องสมุดวิทยาเขตสวรรค์ประชารักษ์
►หนังสือทั่วไป
บนชั้น
3. วิทยาศาสตร์การแพทย์ และสุขภาพ
วิทยาศาสตร์การแพทย์ และสุขภาพ
PE1128 S411E ฉ.3 
  Barcode: 19533
ห้องสมุดวิทยาเขตสวรรค์ประชารักษ์
►หนังสือทั่วไป
บนชั้น
4. วิทยาศาสตร์การแพทย์ และสุขภาพ
วิทยาศาสตร์การแพทย์ และสุขภาพ
PE1128 S411E ฉ.4 
  Barcode: 19534
ห้องสมุดวิทยาเขตสวรรค์ประชารักษ์
►หนังสือทั่วไป
บนชั้น
5. วิทยาศาสตร์การแพทย์ และสุขภาพ
วิทยาศาสตร์การแพทย์ และสุขภาพ
PE1128 S411E ฉ.5 
  Barcode: 19535
ห้องสมุดวิทยาเขตสวรรค์ประชารักษ์
►หนังสือทั่วไป
บนชั้น

รายการใกล้เคียง
    ผู้แต่ง [Schwarz, Peter C.]

    หัวเรื่อง [Communication in nursing]
    หัวเรื่อง [Communication in medicine]

BibComment


ยังไม่เคยถูกคอมเมนท์

คอมเมนท์ทรัพยากรรายการนี้
  คอมเมนท์: English for nurs..


 Copyright 2026. Bcnsprnw @Library